Indian trails and city streets /

Bibliographic Details
Main Author: Rankin, Edward Stevens, 1861-
Format: Book
Language:English
Published: Montclair, N.J. : The Globe Press, [1927]
Subjects:

MARC

Tag First Indicator Second Indicator Subfields
LEADER 00000cam a2200000 a 4500
001 in00000545285
005 20151014053051.0
008 800409s1927 nju 00010 engm
010 |a  28018798  
035 |a (OCoLC)06182575 
035 |9 ACK1279AM 
040 |a DLC  |c VPI  |d TXA  |d UtOrBLW 
049 |a TXAM  |c [A08329853] 
050 0 0 |a F144.N6  |b R2 
100 1 |a Rankin, Edward Stevens,  |d 1861- 
245 1 0 |a Indian trails and city streets /  |c by Edward S. Rankin. 
264 1 |a Montclair, N.J. :  |b The Globe Press,  |c [1927] 
264 4 |c ©1927 
300 |a xviii, 102 pages ;  |c 19 cm. 
336 |a text  |b txt  |2 rdacontent 
337 |a unmediated  |b n  |2 rdamedia 
338 |a volume  |b nc  |2 rdacarrier 
651 0 |a Newark (N.J.)  |x History. 
651 0 |a Newark (N.J.)  |x Public works. 
650 0 |a Streets  |z New Jersey  |z Newark. 
999 |a MARS 
999 f f |s 8d3ae3a2-9852-3d69-b12c-0c5969f5fb68  |i 6c37a77d-2750-312f-9765-66a7616e26e6  |t 0 
952 f f |p ric  |a Texas A&M University  |b Rellis Campus  |c Joint Library Facility  |d Remote Storage  |t 0  |e F144.N6 R2  |h Library of Congress classification  |i unmediated -- volume  |m A14808329853 
998 f f |a F144.N6 R2  |t 0  |l Remote Storage